[Event "5.Online Aktivschach WM / Gruppe H"]
[Site "?"]
[Date "2008.11.30"]
[Round "1.1"]
[White "Elite 68060 V11, Fidelity"]
[Black "Risc 1MB, Mephisto"]
[Result "0-1"]
[WhiteElo "2311"]
[BlackElo "2256"]
[PlyCount "102"]
[EventDate "2008.??.??"]

1. d4 d5 2. Nf3 Nf6 3. Bg5 Ne4 4. Bf4 c5 5. e3 Qb6 6. Qc1 cxd4 7. exd4 f6 8. c3
Nc6 9. Be2 e5 10. Be3 exd4 11. Bxd4 Nxd4 12. Nxd4 Bc5 13. f3 Ng5 14. Qd2 O-O
15. b4 Bxd4 16. Qxd4 Qxd4 17. cxd4 Ne6 18. Nc3 Nxd4 19. Rd1 Nc2+ 20. Kf2 Nxb4
21. a3 Nc2 22. Nxd5 Nxa3 23. Nc7 Rb8 24. Ra1 Nc2 25. Rxa7 Rd8 26. Rd1 Rxd1 27.
Bxd1 Nb4 28. Bb3+ Kf8 29. Ke3 Bf5 30. Ba4 Ke7 31. Ne8 g5 32. Kd4 Bg6 33. Nc7
Kd6 34. Nb5+ Kc6 35. Kc3 Nd5+ 36. Kc4 Ne3+ 37. Kb4 Nxg2 38. Nc3+ Kd6 39. Bb3
Ne1 40. Bd1 Kc6 41. Ka5 Bh5 42. Ne4 Bxf3 43. Bxf3 Nxf3 44. Nxf6 Rf8 45. Nd7
Rf5+ 46. Kb4 g4 47. Kc3 Nxh2 48. Ra2 Nf3 49. Nb8+ Kc7 50. Na6+ bxa6 51. Rxa6 h5
0-1

[Event "5.Online Aktivschach WM / Gruppe H"]
[Site "?"]
[Date "2008.12.14"]
[Round "2.1"]
[White "Risc 1MB, Mephisto"]
[Black "Star Diamond, Novag"]
[Result "1/2-1/2"]
[WhiteElo "2256"]
[BlackElo "2171"]
[PlyCount "95"]
[EventDate "2008.??.??"]

1. e4 c5 2. Nf3 d6 3. d4 cxd4 4. Nxd4 Nf6 5. Nc3 a6 6. Bg5 e6 7. f4 Be7 8. Qf3
Qc7 9. O-O-O Nbd7 10. g4 b5 11. Bxf6 Nxf6 12. g5 Nd7 13. f5 Bxg5+ 14. Kb1 Ne5
15. Qh5 Qe7 16. Nxe6 Bxe6 17. fxe6 g6 18. exf7+ Kxf7 19. Qh3 Kg7 20. Nd5 Qa7
21. Bg2 Rhf8 22. Rhf1 h6 23. Qa3 Nc4 24. Qc3+ Kh7 25. Ka1 Rae8 26. Bf3 a5 27.
h3 a4 28. a3 Bf4 29. Nxf4 Rxf4 30. Bh1 Ref8 31. Rxf4 Rxf4 32. Re1 Rf2 33. Bf3
Qg7 34. e5 Nxe5 35. Bc6 b4 36. axb4 Nxc6 37. Qxc6 a3 38. Rb1 axb2+ 39. Ka2 d5
40. Qc5 Rf3 41. Qxd5 Qc3 42. Qd7+ Kg8 43. Qa4 Qc4+ 44. Kxb2 Qd4+ 45. Ka2 Qc4+
46. Kb2 Qc3+ 47. Ka2 Qc4+ 48. Kb2 1/2-1/2

[Event "5.Online Aktivschach WM / Gruppe H"]
[Site "?"]
[Date "2008.12.21"]
[Round "3.2"]
[White "Star Diamond, Novag"]
[Black "Elite 68060 V11, Fidelity"]
[Result "0-1"]
[WhiteElo "2171"]
[BlackElo "2311"]
[PlyCount "114"]
[EventDate "2008.??.??"]

1. d4 Nf6 2. c4 e6 3. Nf3 b6 4. a3 Bb7 5. Nc3 d5 6. cxd5 exd5 7. Qa4+ Qd7 8.
Qxd7+ Nfxd7 9. Nb5 Na6 10. Bf4 c6 11. Nd6+ Bxd6 12. Bxd6 Nf6 13. Be5 Rg8 14.
Bxf6 gxf6 15. Rg1 c5 16. e3 c4 17. O-O-O b5 18. g3 b4 19. Bg2 bxa3 20. bxa3 Rc8
21. Bh3 Rc7 22. Nh4 Kf8 23. Rde1 Kg7 24. Kc2 Bc6 25. Nf5+ Kh8 26. Rb1 Bd7 27.
g4 c3 28. Rg3 Ba4+ 29. Kc1 c2 30. Rb2 Rb8 31. Rg1 Rxb2 32. Kxb2 Rb7+ 33. Ka2
Nc7 34. Nd6 Rb6 35. Nc8 Rb8 36. Nd6 Nb5 37. Nxb5 Bxb5 38. Kb2 Bf1+ 39. Kxc2
Bxh3 40. f3 Rc8+ 41. Kd2 Kg7 42. Rg3 Bf1 43. Rg1 Ba6 44. Rb1 Kg6 45. e4 Rc4 46.
Rb4 Rxb4 47. axb4 dxe4 48. fxe4 Kg5 49. Ke3 Kxg4 50. d5 h5 51. d6 Bc8 52. Kd4
Kh3 53. Kc5 h4 54. Kc6 Kxh2 55. Kc7 Be6 56. d7 Bxd7 57. Kxd7 Kg3 0-1

[Event "5.Online Aktivschach WM / Gruppe H"]
[Site "?"]
[Date "2008.12.28"]
[Round "4.1"]
[White "Risc 1MB, Mephisto"]
[Black "Elite 68060 V11, Fidelity"]
[Result "1/2-1/2"]
[WhiteElo "2256"]
[BlackElo "2311"]
[PlyCount "131"]
[EventDate "2008.??.??"]

1. e4 e6 2. d4 d5 3. Nc3 Bb4 4. e5 c5 5. Bd2 Nc6 6. Nb5 Bxd2+ 7. Qxd2 Nxd4 8.
Nxd4 cxd4 9. f4 Ne7 10. Qxd4 O-O 11. Bd3 Nc6 12. Qc5 Bd7 13. Nf3 Rc8 14. Qd6
Qa5+ 15. Nd2 Rfd8 16. Qa3 Qxa3 17. bxa3 Nd4 18. Rc1 Nb5 19. Rb1 Nxa3 20. Rxb7
Nxc2+ 21. Ke2 a5 22. Rhb1 Nb4 23. a3 Nxd3 24. Kxd3 f6 25. Ra7 Ra8 26. Rc7 Bc8
27. Kd4 Rd7 28. Rc6 Kf7 29. Rbb6 Re7 30. Nb3 g5 31. fxg5 fxg5 32. Rc3 g4 33. h3
gxh3 34. Rxh3 Kg7 35. Nc5 Re8 36. Rg3+ Kh8 37. a4 Ra7 38. Rb8 Rc7 39. Ra8 Rf8
40. Rg4 Rf1 41. Nxe6 Rc4+ 42. Kxd5 Rxg4 43. Rxc8+ Rg8 44. Rc5 Rd1+ 45. Ke4 Ra8
46. Nc7 Rc8 47. e6 Rg1 48. Kf5 Rf8+ 49. Ke5 Rxg2 50. e7 Rb8 51. Ke6 Rgg8 52.
Rb5 Kg7 53. Rxb8 Rxb8 54. e8=Q Rxe8+ 55. Nxe8+ Kg6 56. Nd6 h5 57. Ne4 h4 58.
Ke5 h3 59. Nf2 h2 60. Ke4 Kf7 61. Kd3 Ke6 62. Kd4 Kf5 63. Ke3 Ke5 64. Nh1 Kd5
65. Kd3 Ke5 66. Nf2 1/2-1/2

[Event "5.Online Aktivschach WM / Gruppe H"]
[Site "?"]
[Date "2009.01.09"]
[Round "5.1"]
[White "Star Diamond, Novag"]
[Black "Risc 1MB, Mephisto"]
[Result "1/2-1/2"]
[WhiteElo "2171"]
[BlackElo "2256"]
[PlyCount "113"]
[EventDate "2009.??.??"]

1. Nf3 d5 2. c4 c6 3. d4 Nf6 4. Nc3 e6 5. e3 Nbd7 6. Bd3 dxc4 7. Bxc4 b5 8. Bd3
a6 9. e4 c5 10. e5 cxd4 11. Nxb5 Nxe5 12. Nxe5 axb5 13. Qf3 Bb4+ 14. Ke2 Rb8
15. Qg3 Qd6 16. Nf3 Qxg3 17. hxg3 Bb7 18. Bxb5+ Ke7 19. Nxd4 Bxg2 20. Rh4 Rhd8
21. a4 Bd6 22. Bg5 h6 23. f3 hxg5 24. Nc6+ Kd7 25. Nxb8+ Kc8 26. Rh2 Bxf3+ 27.
Kxf3 g4+ 28. Kg2 Kxb8 29. Rd1 Nd5 30. Kf2 f5 31. Rdh1 f4 32. gxf4 g3+ 33. Kxg3
Bxf4+ 34. Kf3 Bxh2 35. Rxh2 Rf8+ 36. Ke4 g5 37. a5 Rf5 38. Rh8+ Ka7 39. Bc4
Nf6+ 40. Kd4 e5+ 41. Ke3 g4 42. Rc8 Rf4 43. a6 g3 44. Rc7+ Kb8 45. a7+ Ka8 46.
Ke2 Rf2+ 47. Ke3 Rxb2 48. Rg7 g2 49. Kd3 e4+ 50. Kc3 Rb7 51. Rxg2 Kxa7 52. Ra2+
Kb8 53. Ra6 Ng4 54. Re6 e3 55. Be2 Rc7+ 56. Kd4 Rg7 57. Ke4 1/2-1/2

[Event "5.Online Aktivschach WM / Gruppe H"]
[Site "?"]
[Date "2009.01.14"]
[Round "6.2"]
[White "Elite 68060 V11, Fidelity"]
[Black "Star Diamond, Novag"]
[Result "1/2-1/2"]
[WhiteElo "2311"]
[BlackElo "2171"]
[PlyCount "121"]
[EventDate "2009.??.??"]

1. e4 e5 2. Nf3 Nc6 3. Bb5 a6 4. Ba4 Nf6 5. d4 exd4 6. O-O Be7 7. Re1 b5 8. e5
Nxe5 9. Rxe5 d6 10. Re1 bxa4 11. Nxd4 Bd7 12. Qf3 O-O 13. Nc6 Bxc6 14. Qxc6 Re8
15. Qxa4 Bf8 16. Rd1 Qe7 17. Be3 Rab8 18. b3 Qe5 19. Nd2 Qb5 20. Qxb5 axb5 21.
a4 Nd5 22. axb5 Nxe3 23. fxe3 Rxb5 24. Kf2 Be7 25. Ra7 Rc5 26. c4 Bh4+ 27. g3
Rf5+ 28. Nf3 Bd8 29. Rda1 Kf8 30. Ke2 Ke7 31. g4 Rf6 32. Nd4 Kd7 33. Nf5 g6 34.
Ng7 Re7 35. Rd1 Re5 36. Rd5 h6 37. h3 Re7 38. Rd1 Rf4 39. c5 Rf6 40. Rd4 Re5
41. b4 Kc6 42. Kd3 d5 43. Ke2 h5 44. h4 hxg4 45. Rxg4 Re4 46. Rxe4 dxe4 47. h5
gxh5 48. Ra8 Rg6 49. Nxh5 Rg2+ 50. Kf1 Rg8 51. Nf6 Kb7 52. Nxg8 Kxa8 53. Nh6
Kb7 54. Nxf7 Bf6 55. Kg2 Bh4 56. Ne5 Ka6 57. Ng6 Be1 58. Nf4 Kb5 59. Ne6 Bxb4
60. Nxc7+ Kc6 61. Ne6 1/2-1/2

[Event "5.Online WM / B-WM Achtelfinale S2"]
[Site "?"]
[Date "2009.01.24"]
[Round "1"]
[White "Deep Sjeng, Resurrection"]
[Black "Explorer Pro, Mephisto"]
[Result "1-0"]
[WhiteElo "2217"]
[BlackElo "2048"]
[PlyCount "77"]
[EventDate "2009.??.??"]

1. Nf3 d5 2. d4 e6 3. c4 c6 4. Nbd2 dxc4 5. Nxc4 Bb4+ 6. Bd2 Bxd2+ 7. Qxd2 Nf6
8. e3 O-O 9. Bd3 b6 10. Nce5 Bb7 11. Rc1 Qd5 12. O-O Nbd7 13. e4 Qd6 14. Nc4
Qc7 15. e5 Ne8 16. Ng5 g6 17. Qe3 Qd8 18. Ne4 Qc7 19. Qh6 f6 20. Rfd1 Rd8 21.
f4 a5 22. Ncd6 Nxd6 23. Nxd6 fxe5 24. fxe5 Nb8 25. Bc4 Rxd6 26. Rf1 Nd7 27.
exd6 Qxd6 28. Qe3 Re8 29. Rce1 Nf8 30. Rf6 Qe7 31. Ref1 b5 32. Qf4 bxc4 33. Rf7
e5 34. dxe5 g5 35. Rxe7 gxf4 36. Rxe8 Kf7 37. Rb8 Ke6 38. Rxf8 Kxe5 39. R1xf4
1-0

[Event "5.Online WM / B-WM Achtelfinale S2"]
[Site "?"]
[Date "2009.01.24"]
[Round "2"]
[White "Explorer Pro, Mephisto"]
[Black "Deep Sjeng, Resurrection"]
[Result "0-1"]
[WhiteElo "2048"]
[BlackElo "2217"]
[PlyCount "122"]
[EventDate "2009.??.??"]

1. e4 e6 2. d4 d5 3. Nc3 Nf6 4. Bg5 dxe4 5. Nxe4 Be7 6. Bxf6 Bxf6 7. c3 Be7 8.
Nf3 O-O 9. Bd3 Nc6 10. O-O Qd5 11. Qc2 Bd7 12. b4 Kh8 13. Nc5 Bxc5 14. bxc5 Qh5
15. Rfb1 Rfb8 16. Be4 f6 17. Rb3 b6 18. cxb6 axb6 19. c4 Ra5 20. Rd1 f5 21. Bd3
Rba8 22. Rb2 e5 23. Be2 exd4 24. Nxd4 Nxd4 25. Bxh5 Nxc2 26. Rxd7 g6 27. Bd1
Re8 28. g4 Na3 29. Re2 Rxe2 30. Bxe2 Rc5 31. gxf5 gxf5 32. Rd4 Nb1 33. Bd3 Nc3
34. Rf4 Kg7 35. Rxf5 Rxf5 36. Bxf5 Nxa2 37. Kg2 h6 38. Kf3 Nc3 39. Kg4 Kf6 40.
Bc2 b5 41. cxb5 Nxb5 42. Kh5 Kg7 43. f4 c5 44. Bd3 Nd6 45. h3 c4 46. Bb1 Nb5
47. f5 c3 48. Be4 Nd4 49. Kg4 c2 50. Bxc2 Nxc2 51. Kh5 Nd4 52. f6+ Kh7 53. f7
Ne6 54. h4 Kg7 55. Kg4 Kxf7 56. Kh5 Kg7 57. Kg4 Kg6 58. Kf3 Nd4+ 59. Kf4 h5 60.
Ke4 Nf5 61. Ke5 Nxh4 0-1

[Event "5.Online WM / B-WM Achtelfinale S2"]
[Site "?"]
[Date "2009.01.25"]
[Round "3"]
[White "Deep Sjeng, Resurrection"]
[Black "Explorer Pro, Mephisto"]
[Result "1-0"]
[WhiteElo "2217"]
[BlackElo "2048"]
[PlyCount "107"]
[EventDate "2009.??.??"]

1. e4 c6 2. d4 d5 3. f3 dxe4 4. fxe4 e5 5. Nf3 exd4 6. Qxd4 Qxd4 7. Nxd4 Bc5 8.
Nf5 Bxf5 9. exf5 Nd7 10. Be2 O-O-O 11. Nc3 Ne7 12. Rf1 Rhe8 13. Bg5 f6 14. Bd2
Bd4 15. Rd1 Ne5 16. Rf4 g5 17. Rf1 Nd5 18. Na4 Nc4 19. c3 Nxb2 20. Nxb2 Nxc3
21. Bxc3 Bxc3+ 22. Kf2 Bxb2 23. Rxd8+ Rxd8 24. Rd1 Rxd1 25. Bxd1 c5 26. Be2 b6
27. Ke3 Kd7 28. Ke4 Be5 29. h3 Kc6 30. a4 Bg3 31. Kf3 Bf4 32. Ke4 Kd6 33. h4 h6
34. g4 Bg3 35. h5 Bh4 36. Bc4 Bf2 37. Be2 Bd4 38. Bd3 Bc3 39. Be2 Bb2 40. Bd3
Bd4 41. Bc4 Ba1 42. Be6 Kc6 43. Bd5+ Kc7 44. Bc4 Be5 45. Kd5 Bc3 46. Ke6 b5 47.
Bxb5 Kb6 48. Kf7 a6 49. Be2 Ka5 50. Bd1 Be5 51. Kg6 c4 52. Kxh6 Bb2 53. Kg6 Kb4
54. h6 1-0

[Event "5.Online WM / B-WM Achtelfinale S3"]
[Site "?"]
[Date "2009.01.20"]
[Round "1"]
[White "Milano Pro, Mephisto"]
[Black "Designer 2325, Fidelity"]
[Result "1/2-1/2"]
[WhiteElo "2166"]
[BlackElo "2156"]
[PlyCount "144"]
[EventDate "2009.??.??"]

1. e4 c5 2. c3 d5 3. exd5 Qxd5 4. d4 e6 5. Nf3 Nc6 6. Na3 Qd8 7. Nc2 Bd7 8. Be3
Qb6 9. b4 cxd4 10. Ncxd4 Qc7 11. Nb5 Qb8 12. Qd2 Nf6 13. Rd1 a6 14. Nbd4 Nxd4
15. Qxd4 Nd5 16. Bc4 Ba4 17. Rd3 Nxe3 18. Qxe3 Qc7 19. Rd4 Rc8 20. Ne5 Rd8 21.
Rxd8+ Qxd8 22. O-O f6 23. Nc6 bxc6 24. Qxe6+ Be7 25. Qf7+ Kd7 26. Re1 Re8 27.
Qe6+ Kc7 28. Qe3 c5 29. Bf7 Rf8 30. Qxe7+ Qxe7 31. Rxe7+ Kd8 32. Ra7 cxb4 33.
cxb4 Bb5 34. h3 g6 35. g4 Bd7 36. Bc4 h5 37. Bxa6 hxg4 38. hxg4 Bxg4 39. Bd3 g5
40. a4 Re8 41. b5 Bf3 42. Kh2 Be4 43. b6 Kc8 44. a5 Kb8 45. Bxe4 Rxe4 46. a6
Ra4 47. Kh3 f5 48. Kg3 g4 49. Kh4 Ra2 50. Kh5 Rb2 51. Rb7+ Ka8 52. Kh4 Ra2 53.
Kg5 Ra5 54. Ra7+ Kb8 55. Kf4 Rb5 56. Rb7+ Ka8 57. Kg3 Rb2 58. f4 Ra2 59. Ra7+
Kb8 60. Kh4 Rb2 61. Rb7+ Ka8 62. Kg5 g3 63. Kxf5 g2 64. Rg7 Rb5+ 65. Ke4 Rb4+
66. Kd5 Rxb6 67. Rxg2 Rxa6 68. Rg7 Kb8 69. f5 Kc8 70. Ke5 Kd8 71. f6 Ke8 72.
Rc7 Kf8 1/2-1/2

[Event "5.Online WM / B-WM Achtelfinale S3"]
[Site "?"]
[Date "2009.01.22"]
[Round "2"]
[White "Designer 2325, Fidelity"]
[Black "Milano Pro, Mephisto"]
[Result "1/2-1/2"]
[WhiteElo "2156"]
[BlackElo "2166"]
[PlyCount "131"]
[EventDate "2009.??.??"]

1. e4 e5 2. Nf3 Nf6 3. Nxe5 d6 4. Nf3 Nxe4 5. d4 d5 6. Bd3 Be7 7. O-O Nc6 8.
Re1 Bf5 9. Nc3 Nxc3 10. bxc3 Bxd3 11. cxd3 O-O 12. Rb1 Rb8 13. c4 Bf6 14. Bb2
Qd6 15. Bc3 Rfd8 16. c5 Qd7 17. Ne5 Bxe5 18. dxe5 d4 19. Bd2 Qf5 20. e6 fxe6
21. Qe2 Re8 22. Rbc1 e5 23. f3 Qg6 24. Qe4 Qxe4 25. Rxe4 Kf7 26. Kf2 Ke6 27.
Kg3 Kd5 28. Kg4 Re6 29. Kh3 h6 30. Rg4 Re7 31. Re4 Rf7 32. Rg4 b6 33. cxb6 cxb6
34. f4 Rbb7 35. a3 Rbe7 36. Rg6 Nd8 37. Bb4 Ne6 38. g3 Nc5 39. Bxc5 bxc5 40.
fxe5 Rxe5 41. Rc2 Re1 42. Rd2 Ra1 43. Ra6 Rb1 44. Ra5 Rb3 45. a4 Kd6 46. Ra6+
Ke5 47. Rc6 Kd5 48. Rc8 Kd6 49. Kg4 Ra3 50. Rc2 Rc3 51. Rd2 Rb3 52. Rc2 Rfb7
53. R8xc5 Rxd3 54. Rc6+ Kd7 55. Kf4 Rd1 56. Kf3 d3 57. R2c3 a5 58. R6c5 Kd6 59.
Rxa5 Re7 60. Rcc5 d2 61. Rd5+ Kc6 62. Rac5+ Kb7 63. Rb5+ Kc7 64. Rdc5+ Kd6 65.
Rd5+ Kc6 66. Rbc5+ 1/2-1/2

[Event "5.Online WM / B-WM Achtelfinale S3"]
[Site "?"]
[Date "2009.02.04"]
[Round "3"]
[White "Milano Pro, Mephisto"]
[Black "Designer 2325, Fidelity"]
[Result "0-1"]
[WhiteElo "2166"]
[BlackElo "2156"]
[PlyCount "88"]
[EventDate "2009.??.??"]

1. e4 e5 2. Nf3 Nc6 3. Bc4 Bc5 4. d3 Nf6 5. Nc3 d6 6. Bg5 Na5 7. Nd2 h6 8. Bxf6
Qxf6 9. O-O c6 10. a3 Nxc4 11. Nxc4 b5 12. Na5 Bd7 13. Nb3 Bb6 14. a4 b4 15.
Na2 a5 16. c3 bxc3 17. bxc3 O-O 18. Rb1 Rab8 19. Nac1 Qg6 20. Kh1 f5 21. f3
fxe4 22. dxe4 Bc7 23. Nd3 Be6 24. Rf2 c5 25. Nd2 Rxb1 26. Nxb1 c4 27. Nb2 Bb6
28. Rf1 Rd8 29. Qe2 Qf7 30. Rd1 Rd7 31. Na3 d5 32. exd5 Bxd5 33. Re1 e4 34.
fxe4 Re7 35. e5 Re6 36. Rd1 Rg6 37. Rxd5 Qxd5 38. Qxc4 Qxc4 39. Nbxc4 Rc6 40.
Nxb6 Rxc3 41. g3 Rxa3 42. Nd7 Rxa4 43. e6 Ra1+ 44. Kg2 Ra2+ 0-1

[Event "5.Online WM / B-WM Achtelfinale S3"]
[Site "?"]
[Date "2009.02.05"]
[Round "4"]
[White "Designer 2325, Fidelity"]
[Black "Milano Pro, Mephisto"]
[Result "1-0"]
[WhiteElo "2156"]
[BlackElo "2166"]
[PlyCount "81"]
[EventDate "2009.??.??"]

1. d4 d5 2. c4 e6 3. Nc3 Nf6 4. Nf3 Be7 5. Bf4 O-O 6. e3 c5 7. dxc5 Bxc5 8.
cxd5 exd5 9. Rc1 Nc6 10. Bb5 a6 11. Bxc6 bxc6 12. Nxd5 Nxd5 13. Rxc5 Nxf4 14.
exf4 Re8+ 15. Re5 Qxd1+ 16. Kxd1 Rxe5 17. fxe5 Be6 18. b3 Re8 19. Kd2 Bd5 20.
Re1 h6 21. Kc3 Kf8 22. Nh4 f6 23. f3 g5 24. Nf5 fxe5 25. Nxh6 e4 26. fxe4 Rxe4
27. Rxe4 Bxe4 28. g3 Ke7 29. Kd4 Bb1 30. a3 Ba2 31. Kc4 Ke6 32. Ng4 Kf5 33.
Ne3+ Ke5 34. Nc2 a5 35. Kc3 Bb1 36. Ne3 Bg6 37. Nc4+ Kd5 38. Nxa5 g4 39. Nc4
Bh5 40. a4 c5 41. a5 1-0

[Event "5.Online WM / B-WM Viertelfinale A"]
[Site "?"]
[Date "2009.02.08"]
[Round "1"]
[White "Lyon 68020 22 MHz, Mephisto"]
[Black "Deep Sjeng, Resurrection"]
[Result "1-0"]
[WhiteElo "2278"]
[BlackElo "2217"]
[PlyCount "136"]
[EventDate "2009.??.??"]

1. e4 c5 2. c3 Nf6 3. e5 Nd5 4. d4 cxd4 5. Nf3 e6 6. Nxd4 d6 7. Bb5+ Bd7 8.
exd6 Bxd6 9. O-O O-O 10. Bd3 Nc6 11. Nb5 Be5 12. f4 Bb8 13. Qh5 g6 14. Qe2 a6
15. N5a3 Qh4 16. Nc4 Rd8 17. Ne5 Ba7+ 18. Kh1 Bc5 19. Qg4 Qe7 20. Qg3 Be8 21.
Re1 f6 22. Nxc6 Bxc6 23. f5 Bd6 24. Qh3 gxf5 25. Bxf5 e5 26. c4 Nb6 27. Be3 Na4
28. b3 Bb4 29. Rf1 Nc5 30. Bc2 Nd7 31. a3 Bc5 32. Nc3 a5 33. Nd5 Bxd5 34. cxd5
Bxe3 35. Qxe3 Re8 36. Qh3 a4 37. bxa4 Qg7 38. Rf3 Nf8 39. Raf1 Ra6 40. Rg3 Ng6
41. Qg4 Rd6 42. Bf5 b6 43. Qh5 Kf7 44. Be4 Qg8 45. Rh3 Kf8 46. Qxh7 Qxh7 47.
Rxh7 Ne7 48. Rh8+ Kf7 49. Rxe8 Kxe8 50. g4 Kd7 51. Rd1 Ke8 52. Kg2 Nc6 53. h4
Na5 54. Kf3 Nc6 55. h5 Nd4+ 56. Ke3 Kf7 57. Rh1 Nb3 58. h6 Kg8 59. h7+ Kh8 60.
Rh6 Na5 61. Kf2 Nc4 62. Ke2 Rd8 63. Rxf6 Nd6 64. Bc2 e4 65. Rh6 Rc8 66. Bb1 Rc1
67. Rxd6 Rxb1 68. Rh6 Ra1 1-0

[Event "5.Online WM / B-WM Viertelfinale A"]
[Site "?"]
[Date "2009.02.08"]
[Round "2"]
[White "Deep Sjeng, Resurrection"]
[Black "Lyon 68020 22 MHz, Mephisto"]
[Result "0-1"]
[WhiteElo "2217"]
[BlackElo "2278"]
[PlyCount "112"]
[EventDate "2009.??.??"]

1. e4 Nf6 2. e5 Nd5 3. d4 d6 4. c4 Nb6 5. exd6 exd6 6. Nc3 Be7 7. Bd3 Nc6 8.
Nge2 O-O 9. a4 a5 10. O-O Nb4 11. Re1 Bg4 12. h3 Bh5 13. Bf4 Bh4 14. b3 Qf6 15.
Be4 d5 16. cxd5 Bxe2 17. Nxe2 N6xd5 18. g3 Bg5 19. Bxg5 Qxg5 20. Qc1 Qf6 21.
Bxd5 Nxd5 22. Nc3 Qxd4 23. Nxd5 Qxd5 24. Qxc7 Qxb3 25. Re7 b6 26. Rae1 Qxa4 27.
Qxb6 Qc2 28. Qb7 Rad8 29. Qb6 Qc3 30. Qb5 Rd2 31. Qf5 g6 32. Qf4 Rc2 33. R1e4
Qc8 34. g4 Qc3 35. Re3 Qc6 36. R3e4 Rc3 37. Kh2 Qb5 38. Re3 Rxe3 39. Qxe3 Qd5
40. Kg3 Rb8 41. Re5 Qd8 42. Qa3 Ra8 43. f4 a4 44. Re4 Qd1 45. Kf2 Qc2+ 46. Re2
Qc4 47. Qf3 Rb8 48. Kg3 a3 49. Re4 Qa6 50. Qd1 Qb5 51. Kh4 a2 52. Qa1 Ra8 53.
Re1 Qb6 54. Rf1 Qe3 55. Qb2 Ra3 56. Qh2 h6 0-1

[Event "5.Online WM / B-WM Viertelfinale A"]
[Site "?"]
[Date "2009.02.14"]
[Round "3"]
[White "Deep Sjeng, Resurrection"]
[Black "Lyon 68020 22 MHz, Mephisto"]
[Result "1-0"]
[WhiteElo "2217"]
[BlackElo "2278"]
[PlyCount "80"]
[EventDate "2009.??.??"]

1. e4 c6 2. d4 d5 3. Nc3 dxe4 4. Nxe4 Bf5 5. Ng3 Bg6 6. Nf3 Nd7 7. h4 h6 8. h5
Bh7 9. Bd3 Bxd3 10. Qxd3 Qc7 11. Bd2 e6 12. O-O-O Ngf6 13. Ne4 O-O-O 14. g3
Nxe4 15. Qxe4 Nf6 16. Qe2 Bd6 17. c4 c5 18. Bc3 cxd4 19. Rxd4 a6 20. Rdd1 Qb6
21. Kb1 Bc5 22. Ne5 Rhf8 23. f3 Rd6 24. g4 Ba3 25. Nd3 Rc6 26. Ka1 Bd6 27. g5
Ne8 28. g6 Rxc4 29. Ne5 Rxc3 30. bxc3 Bxe5 31. Qxe5 Qc7 32. Qe3 fxg6 33. hxg6
Qc6 34. Rd3 Nc7 35. Rhd1 Nd5 36. Qa7 Nb6 37. c4 Re8 38. Rd6 Qxf3 39. Qxb6 Qf6+
40. R1d4 Qf1+ 1-0

[Event "5.Online WM / B-WM Viertelfinale A"]
[Site "?"]
[Date "2009.02.14"]
[Round "4"]
[White "Lyon 68020 22 MHz, Mephisto"]
[Black "Deep Sjeng, Resurrection"]
[Result "1/2-1/2"]
[WhiteElo "2278"]
[BlackElo "2217"]
[PlyCount "89"]
[EventDate "2009.??.??"]

1. e4 Nc6 2. d4 e5 3. dxe5 Nxe5 4. Bf4 Bd6 5. Nc3 Ne7 6. Nh3 N7g6 7. Bb5 Nxf4
8. Nxf4 Qg5 9. g3 a6 10. Be2 O-O 11. O-O Nc6 12. Nfd5 Re8 13. Bh5 b5 14. h4 Qe5
15. Qf3 Nd8 16. a3 Bb7 17. b4 Bxd5 18. exd5 g6 19. Bg4 f5 20. Bh3 Nf7 21. Rad1
a5 22. Nxb5 axb4 23. Nxd6 Qxd6 24. axb4 Qxb4 25. c3 Qb2 26. Rb1 Qd2 27. Bg2 Re2
28. d6 c6 29. c4 Ne5 30. Qb3 Qxd6 31. c5+ Qe6 32. Qxe6+ dxe6 33. Rfe1 Raa2 34.
Rxe2 Rxe2 35. f4 Nd7 36. Rc1 Nb8 37. Rd1 Rb2 38. Rd6 Rb5 39. Bxc6 Rxc5 40. Be8
Rd5 41. Rxe6 Nd7 42. Re7 Nf6 43. Bf7+ Kf8 44. Bxd5 Kxe7 45. Bc4 1/2-1/2

[Event "5.Online WM / B-WM Viertelfinale C"]
[Site "?"]
[Date "2009.02.12"]
[Round "1"]
[White "Risc 2, Mephisto"]
[Black "Elite V9, Fidelity"]
[Result "1-0"]
[WhiteElo "2220"]
[BlackElo "2192"]
[PlyCount "157"]
[EventDate "2009.??.??"]

1. d4 Nf6 2. c4 c5 3. d5 e6 4. Nc3 exd5 5. cxd5 d6 6. e4 g6 7. Nf3 Bg7 8. Be2
O-O 9. O-O Re8 10. Nd2 Na6 11. f3 Nc7 12. a4 b6 13. Nc4 Ba6 14. Bg5 h6 15. Be3
Bxc4 16. Bxc4 a6 17. Qd2 Kh7 18. Rab1 Rb8 19. b4 b5 20. axb5 axb5 21. Be2 c4
22. Ra1 Ra8 23. Bd4 Qd7 24. Rfc1 Qe7 25. g3 Nh5 26. f4 Nf6 27. Bf3 Qd7 28. Qd1
Kg8 29. Rxa8 Rxa8 30. Ra1 Rxa1 31. Qxa1 Qe7 32. Qa7 Qd8 33. h3 Kh7 34. Kh2 Kg8
35. Bd1 Qc8 36. Be2 Kh7 37. Bf3 Nfe8 38. e5 Qf5 39. Be4 Qd7 40. Qb7 Bf8 41. e6
fxe6 42. dxe6 Qxe6 43. Nxb5 Qe7 44. Nxc7 Nxc7 45. f5 gxf5 46. Bxf5+ Kg8 47. Be4
Qf7 48. b5 Ne6 49. Qxf7+ Kxf7 50. Bd5 Ke7 51. b6 Nd8 52. Kg2 Kd7 53. b7 Nxb7
54. Bxb7 Ke6 55. Kf3 d5 56. g4 Be7 57. Bc8+ Kf7 58. Ke2 Bf6 59. Bc5 Be5 60. Ke3
Bb2 61. Bf5 Be5 62. Bd4 Bc7 63. Kd2 Ba5+ 64. Kc2 Bb4 65. Be3 Bf8 66. Kc3 Bg7+
67. Kb4 Bf8+ 68. Kb5 Kf6 69. Bd4+ Kg5 70. Kc6 Kh4 71. Kxd5 Kxh3 72. g5+ Kh4 73.
g6 Kg5 74. Be4 h5 75. Kxc4 h4 76. g7 Bxg7 77. Bxg7 h3 78. Be5 Kg4 79. Bb7 1-0

[Event "5.Online WM / B-WM Viertelfinale C"]
[Site "?"]
[Date "2009.02.14"]
[Round "2"]
[White "Elite V9, Fidelity"]
[Black "Risc 2, Mephisto"]
[Result "1/2-1/2"]
[WhiteElo "2192"]
[BlackElo "2220"]
[PlyCount "133"]
[EventDate "2009.??.??"]

1. e4 e6 2. d4 d5 3. Nd2 c5 4. exd5 Qxd5 5. Ngf3 cxd4 6. Bc4 Qd6 7. O-O Nf6 8.
Nb3 Nc6 9. Nbxd4 Nxd4 10. Nxd4 a6 11. Bb3 Be7 12. c3 Bd7 13. Re1 O-O 14. Qf3 e5
15. Nf5 Bxf5 16. Qxf5 e4 17. Qh3 Qe5 18. Qh4 Rac8 19. Bg5 Rfe8 20. Bc2 Qb5 21.
Bxe4 h6 22. Bxf6 Bxf6 23. Qg3 Qxb2 24. Rad1 Bxc3 25. Re3 Be5 26. Qg4 Rc1 27.
Qd7 Rxd1+ 28. Qxd1 Rc8 29. Re1 Bd4 30. Rf1 b5 31. g3 Rc3 32. Bd5 Rc7 33. Qf3
Qc3 34. Qe4 Be5 35. Bb3 Ra7 36. Rd1 Qc7 37. Qf5 Bf6 38. Bc2 Kf8 39. Qh7 g6 40.
Qxh6+ Bg7 41. Qe3 Qe7 42. Qf3 Kg8 43. Bb3 Qf6 44. Qxf6 Bxf6 45. Rd6 Kg7 46. Kg2
a5 47. Rd5 a4 48. Bd1 b4 49. Bg4 b3 50. a3 Be7 51. Rb5 Bxa3 52. Bd1 f5 53. Bxb3
axb3 54. Rxb3 Kf7 55. h4 Ke6 56. Re3+ Kd5 57. Rf3 Ke5 58. Rc3 Bb4 59. Re3+ Kd5
60. Re8 Bc3 61. Rd8+ Ke6 62. Rc8 Be5 63. Rc6+ Bd6 64. Rc2 Ra4 65. Re2+ Kd5 66.
Rd2+ Rd4 67. Re2 1/2-1/2

[Event "5.Online WM / B-WM Viertelfinale C"]
[Site "?"]
[Date "2009.02.16"]
[Round "3"]
[White "Risc 2, Mephisto"]
[Black "Elite V9, Fidelity"]
[Result "1-0"]
[WhiteElo "2220"]
[BlackElo "2192"]
[PlyCount "113"]
[EventDate "2009.??.??"]

1. e4 c5 2. Nf3 Nc6 3. d4 cxd4 4. Nxd4 g6 5. c4 Bg7 6. Be3 Nf6 7. Nc3 Ng4 8.
Qxg4 Nxd4 9. Qd1 e5 10. Nd5 O-O 11. Bxd4 exd4 12. Bd3 Qa5+ 13. b4 Qd8 14. O-O
d6 15. Qd2 Bd7 16. f4 Qh4 17. Qe1 Qh5 18. Be2 Qh6 19. Rc1 Rae8 20. Bd3 f5 21.
Rf2 fxe4 22. Bxe4 Bg4 23. Nc7 Rc8 24. Nb5 Rxf4 25. Rxf4 Qxf4 26. Bxb7 Rd8 27.
g3 Qh6 28. Rb1 Bf5 29. Rd1 Kh8 30. Nxd4 Bxd4+ 31. Rxd4 Qg7 32. Rxd6 Rxd6 33.
Qe8+ Qg8 34. Qe5+ Qg7 35. Qxd6 Qa1+ 36. Kf2 Qb2+ 37. Ke1 Qc1+ 38. Qd1 Qxc4 39.
Qd8+ Kg7 40. Qe7+ Kg8 41. a4 Qc1+ 42. Ke2 Qc2+ 43. Ke3 Qc3+ 44. Kf2 Qc2+ 45.
Qe2 Qxa4 46. Qc4+ Kg7 47. Qd4+ Kh6 48. Qh4+ Kg7 49. Qe7+ Kh6 50. Qf8+ Kg5 51.
Bf3 Qa2+ 52. Be2 Bg4 53. Qf4+ Kh5 54. Qxg4+ Kh6 55. Qf4+ Kg7 56. Qd4+ Kg8 57.
Qc4+ 1-0